000 00557nam a22002057a 4500
999 _c490
_d490
003 OSt
005 20210511103451.0
008 160721b xxu||||| |||| 00| 0 eng d
020 _a9780074630488
040 _aMMU
_beng
_cMMU
_dMMU
050 _aTK7878.4
_b.B681984
100 _aBouwens, A.J.
245 _aDigital Instrumentation /
_c A.J. Bouwens.
260 _aIndia :
_b McGraw-Hill,
_c1984.
300 _axii, 339 p. :
500 _aIncludes Index
650 _aNumber Systems
700 _a^d20110106 11:40:31^okilerai
942 _2lcc
_cSHORTLOAN